Estambul /
Guardado en:
| Autor Corporativo: | |
|---|---|
| Formato: | |
| Series: | Patrimonio mundial
|
| Materias: | |
| Etiquetas: |
Agregar Etiqueta
Sin Etiquetas, Sea el primero en etiquetar este registro!
|
| LEADER | 00847ngm a22002295g 4500 | ||
|---|---|---|---|
| 001 | CEM.cems021903 | ||
| 008 | 130507b1993##################0###0#####d | ||
| 005 | 20240919152344.0 | ||
| 245 | 1 | 0 | |a Estambul / |c TRANSTEL. |
| 300 | |a 14'. | ||
| 490 | 0 | |a Patrimonio mundial | |
| 500 | |a En soporte VHS, consultar en ventanilla. | ||
| 538 | |a Soporte: VHS - Norma: Pal N - Color - Grabación DRD 1993 - Hitachi=3350 | ||
| 505 | 0 | |a Historia de Estambul. Constantinopla. Helenización. Santa Sofía. El imperio bizantino. Los otomanos. Los distintos emplazamientos arquitectónicos. La modernización de Estambul. | |
| 110 | 2 | |a TRANSTEL. | |
| 082 | 7 | 0 | |/ DUB |
| 653 | |a ARTE | ||
| 653 | |a ARQUITECTURA | ||
| 653 | |a ESTAMBUL | ||
| 653 | |a ARTE BIZANTINO | ||
| 653 | |a NIVEL SECUNDARIO | ||
| 859 | |a CEMS |b BIB. CEMS - Depto. Recursos Didacticos |h 700 |i DUB |k DRD |p 546.12 |t Ej.1 | ||
